Loading...
| Religion | 0 | 3 | 0 | 0 | 30 | 60 | 80.33 | 0 | 0 | 0.00 | 0.00 |
| Mythology | 0 | 3 | 1 | 0 | 25 | 44 | 78.67 | 0 | 1 | 0.00 | 0.00 |
| Science - Biology | 0 | 3 | 1 | 1 | 25 | 79 | 90.00 | 0 | 0 | 0.00 | 0.00 |
| Science - Chemistry | 0 | 2 | 0 | 1 | 20 | 82 | 95.00 | 0 | 0 | 0.00 | 0.00 |
| Philosophy | 0 | 2 | 0 | 0 | 20 | 69 | 81.00 | 0 | 2 | 0.00 | 0.00 |
| History - European | 0 | 2 | 0 | 1 | 20 | 22 | 59.00 | 0 | 1 | 0.00 | 0.00 |
| Science - Other | 0 | 3 | 3 | 2 | 15 | 44 | 82.00 | 0 | 1 | 0.00 | 0.00 |
| Science - Physics | 0 | 2 | 1 | 1 | 15 | 104 | 108.00 | 0 | 0 | 0.00 | 0.00 |
| Social Science | 0 | 1 | 0 | 0 | 10 | 88 | 88.00 | 0 | 0 | 0.00 | 0.00 |
| History - Other | 0 | 1 | 0 | 0 | 10 | 71 | 71.00 | 0 | 0 | 0.00 | 0.00 |
| History - World | 0 | 1 | 0 | 0 | 10 | 9 | 9.00 | 1 | 1 | 0.00 | 0.00 |
| Literature - British | 0 | 1 | 0 | 0 | 10 | 93 | 93.00 | 0 | 0 | 0.00 | 0.00 |
| Literature - European | 0 | 1 | 0 | 0 | 10 | 92 | 92.00 | 1 | 1 | 0.00 | 0.00 |
| Current Events | 0 | 1 | 0 | 0 | 10 | 80 | 80.00 | 0 | 1 | 0.00 | 0.00 |
| History - American | 0 | 1 | 1 | 0 | 5 | 65 | 65.00 | 0 | 0 | 0.00 | 0.00 |
| Geography | 0 | 1 | 1 | 0 | 5 | 91 | 91.00 | 0 | 0 | 0.00 | 0.00 |
| Painting/Sculpture | 0 | 1 | 1 | 0 | 5 | 56 | 56.00 | 0 | 1 | 0.00 | 0.00 |
| Fine Arts - Other | 0 | 0 | 0 | 0 | 0 | 0.00 | 0 | 0 | 0.00 | 0.00 |